| 000 | 01209nam a2200265 a 4500 | ||
|---|---|---|---|
| 005 | 20180803165348.0 | ||
| 008 | 140128b2005 ck ||||| |||| 00| 0 spa d | ||
| 040 | _cCO-BoIH | ||
| 041 | _aspa | ||
| 044 | _ack | ||
| 090 |
_aIAVH _b00858 |
||
| 100 |
_aSánchez, Enrique _92284 |
||
| 245 | _aRecorrido ancestral botánico de las comunidades negras de los ríos Mayorquín y Raposo, municipio de Buenaventura | ||
| 260 |
_aBogotá _bInstituto Alexander von Humboldt _bWWF _c2005 |
||
| 300 | _a159 p. | ||
| 520 | _aEste informe da cuenta de las actividades realizadas en el marco del Proyecto Andes del IAvH y la salida de campo de los grupos de trabajo sobre los recursos vegetales de los territorios colectivos de las comunidades de los ríos Mayorquín y Raposo en el municipio de Buenaventura, Valle, asociados en la organización "Palenque El Congal", durante los meses de junio y julio de 2005 | ||
| 650 |
_aConocimiento tradicional _992244 |
||
| 650 |
_aComunidades negras _930226 |
||
| 650 |
_aTalleres de capacitación _95497 |
||
| 662 |
_aColombia _cRio Mallorquin |
||
| 662 |
_aColombia _cRio Raposo |
||
| 662 |
_aColombia _dBuenaventura |
||
| 942 |
_cINFORME _01 _2lcc |
||
| 945 | _d2008-06-25 | ||
| 999 |
_c6347 _d6347 |
||